| 000 | 00486nam a2200193Ia 4500 | ||
|---|---|---|---|
| 005 | 20250508163215.0 | ||
| 008 | 008 250505s9999 xx 000 0 eng d | ||
| 037 | _aTextual | ||
| 040 |
_aFEDL _beng _cFEDL |
||
| 041 |
_aeng _2eng |
||
| 084 |
_a530, ISA _qFEDL |
||
| 100 | _aIsaacs Alan | ||
| 245 | 0 | _aPhysics | |
| 260 |
_aLondon, UK _bSun Books _c1972 |
||
| 300 | _a159p. | ||
| 700 |
_a Pitt Valerie _9774909 |
||
| 942 |
_cTEXL _h530, ISA |
||
| 999 |
_c1381506 _d1381506 |
||